00249nam a2200109Ia 4500008004100000041000800041100002100049245002300070260001900093365000800112999001900120231011s9999 xx 000 0 und d aeng aKharidehal V.Rao aManagement Science bM.G.H Bombay - b162 c884133d884133